000 01654cam a22004454i 4500
003 PE-LiUPU
005 20250731173000.0
008 150623s r 000 0 d
020 _a0800755707
035 _a(Sirsi) i9780800755706
040 _aPE-LiUPU
_bspa
_cPE-LiUPU
_erda
049 _aPRUA
082 0 4 _a253.7
_bG21
_221
100 1 _aGalloway, Dale E.,
_eautor.
245 1 4 _aThe small group book :
_bthe practical guide for nurturing christians and building churches /
_cDale E. Galloway.
250 _aQuinta edición.
264 1 _aGrand Rapids, Michigan :
_bFleming H. Revell,
_c1995.
300 _a157 páginas :
_bilustraciones, gráficos ;
_c21 centímetros.
336 _atext
_2rdacontent
337 _aunmediated
_2rdamedia
338 _avolume
_2rdacarrier
505 0 _aWhy small groups? Breaking out of the boxes. Growing with small groups. Nuts and bolts of small groups. Lay leaders share the ministry. Making small-group leaders effective. Implementing the vision. Launching and multiplying. Intergrating small groups into your church.
526 _aSEG42
526 _aSEG41
526 _aSEG40
526 _aSEG39
526 _aP94
526 _aP87
526 _aP86
526 _aP85
526 _aP77
526 _aP76
526 _aP35
650 1 4 _aTrabajo de la iglesia con grupos.
_93862
650 2 4 _aCrecimiento de iglesia.
942 _2ddc
_cBK
949 _a253.7 G21 2001
_wDEWEY
_c1
_i53576
_lCCODEBUL1
_mBUL
_p13.00
_r0
_sY
_tBOOK
_u2015-6-24
_xTEOLOGIA
_0COMPRA
_o.STAFF. Colección General
980 _81
_gALBERTO SANCHEZ Responsable de Automatización
999 _c22364
_d22364